Harmonizácia a úprava Slovenských štátnych noriem po vstupe do EÚ bakalárska práca

Salvato in:
Dettagli Bibliografici
Autore principale: Horváthová, Lenka
Ente Autore: Národohospodárska fakulta EU. Katedra financií
Altri autori: Hrivková, Katarína
Natura: Libro
Lingua:slovacco
Pubblicazione: Bratislava 2013
Tags: Aggiungi Tag
Nessun Tag, puoi essere il primo ad aggiungerne!!

MARC

LEADER 00000nbm a2200000 4500
001 0172561
005 20161109112100.9
041 0 |a slo 
044 |a SK 
245 1 0 |a Harmonizácia a úprava Slovenských štátnych noriem po vstupe do EÚ  |b bakalárska práca  |c Lenka Horváthová ; školiteľ: Katarína Hrivková 
264 1 |a Bratislava  |c 2013 
300 |a 39 s. 
100 1 |a Horváthová, Lenka 
700 1 |a Hrivková, Katarína 
710 2 |a Národohospodárska fakulta EU. Katedra financií